000 00298nam a2200145Ia 4500
100 _aJai/R.P
250 _a3
942 _cBK
654 _adigital
245 _aModern Digital Electronics
260 _bTata Mc Graw hill
_c2003
082 _a621.3815
_bJAI
300 _a611
546 _aENGLISH
999 _c27982
_d27982